Представление документа в формате MARC21

Поле Инд. ПП Название Значение
Тип записи a
Библиографический уровень b
001 Контрольный номер RU/IS/BASE/289996564
005 Дата корректировки 20200630193223.0
008 Кодируемые данные 20090310
040 b Код языка каталог. rus
e Правила каталог. PSBO
041 0_ a Код языка текста rus
084 a Индекс другой классификации/Индекс ББК 81.411.2-20
100 1_ a Автор Кукушкина О. В.
245 10 a Заглавие Незначимые компоненты в структуре русского слова: взгляд с позиции морфонологии
504 a Библиография Библиогр. - Примеч.: с. 28
650 14 a Основная рубрика русский язык
a Основная рубрика филологические науки
a Основная рубрика частное языкознание
a Основная рубрика языкознание
653 1_ a Ключевые слова корень слова
a Ключевые слова морфемика
a Ключевые слова морфонология
a Ключевые слова основа слова
a Ключевые слова слово
a Ключевые слова словообразование
a Ключевые слова сложные слова
a Ключевые слова структура слова
a Ключевые слова субморф
773 08 t Заглавие источника Вестник Московского университета. Серия 9, Филология
d Дата издания источника 2008
g Прочая информация № 5. - С. 9 - 28
w Контрольный № источника RU/IS/BASE/288361571
901 t Тип документа b